000 01953nam0a2200397 4500
001 RU\NLR\bibl\417883
005 20250622172804.0
010 _a5-8110-0007-3
_93000
021 _aRU
_b2003-24894
_91160
035 _a(NLR Aleph) 000411864
090 _a640216
_c640216
100 _a20030627d2002 |||y0rusy50 ca
101 0 _arus
102 _aRU
105 _aa |||||||||
200 1 _aОбщая теория социально-экономических систем
_eУчеб. пособие
_e[По спец. 060800 "Экономика и упр. на предприятиях (по отраслям)"]
_fВалерий Викторович Исаев, Александр Моисеевич Немчин
_gС.-Петерб. гос. инженер.-экон. ун-т. Каф. маркетинга и упр. проектами
205 _a2-е изд., испр. и доп.
210 _aСПб.
_cБизнес-пресса
_d2002
215 _a176 с.
_cсхем.
_d21
320 _aБиблиогр.: с. 174-176 (37 назв.)
606 0 _aЭкономические системы
_jРуководства, пособия и т.п. для высшей школы
_xТеория
_92093998
_3RU\NLR\auth\661267154
606 0 _aЭкономические системы
_jУчебные издания для высших учебных заведений
_xТеория
_92093998
_3RU\NLR\auth\661267154
610 0 _aКибернетика
610 0 _aЭкономические системы
675 _a330.4(075.8)
_v3
_zrus
686 _a06
_2rugasnti
686 _a65в6я73
_2rubbk
686 _aУ010я73
700 1 _aИсаев
_bВ. В.
_gВалерий Викторович
_4070
701 1 _aНемчин
_bА. М.
_gАлександр Моисеевич
_4070
801 0 _aRU
_bRKP
_c20030627
_gPSBO
801 1 _aRU
_bRKP
_c20030627
801 2 _aRU
_bNLR
_c20040716
_grcr
942 _cBOOK
980 _aNB